<?xml version="1.0" encoding="UTF-8"?>
<record
    xmlns:xsi="http://www.w3.org/2001/XMLSchema-instance"
    xsi:schemaLocation="http://www.loc.gov/MARC21/slim http://www.loc.gov/standards/marcxml/schema/MARC21slim.xsd"
    xmlns="http://www.loc.gov/MARC21/slim">

  <leader>00666nam a22001577a 4500</leader>
  <controlfield tag="003">LRUA</controlfield>
  <controlfield tag="005">20191230144914.0</controlfield>
  <controlfield tag="008">191230b        xxu||||| |||| 00| 0 eng d</controlfield>
  <datafield tag="040" ind1=" " ind2=" ">
    <subfield code="c">RUA</subfield>
  </datafield>
  <datafield tag="082" ind1=" " ind2=" ">
    <subfield code="a">AVM OEU 2018 B654 Or.1</subfield>
  </datafield>
  <datafield tag="100" ind1=" " ind2=" ">
    <subfield code="9">14101</subfield>
    <subfield code="a">EOURN KANAN &#x17A2;&#x17BF;&#x1793; &#x1780;&#x17B6;&#x178E;&#x17B6;&#x1793;&#x17CB;</subfield>
  </datafield>
  <datafield tag="245" ind1=" " ind2=" ">
    <subfield code="a">nematodes in cattle at krang ampel commune, samraong tong district, kampong speu province nematodes &#x1780;&#x17D2;&#x1793;&#x17BB;&#x1784;&#x1780;&#x17D2;&#x179A;&#x1796;&#x17C7;&#x1796;&#x17C4;&#x17C7;&#x179C;&#x17C0;&#x1793;&#x1782;&#x17C4;&#x1793;&#x17C5;&#x1783;&#x17BB;&#x17C6;&#x1780;&#x17D2;&#x179A;&#x17B6;&#x17C6;&#x1784;&#x17A2;&#x17C6;&#x1796;&#x17B7;&#x179B; &#x179F;&#x17D2;&#x179A;&#x17BB;&#x1780;&#x179F;&#x17C6;&#x179A;&#x17C4;&#x1784;&#x1791;&#x1784; &#x1781;&#x17C1;&#x178F;&#x17D2;&#x178F;&#x1780;&#x17C6;&#x1796;&#x1784;&#x179F;&#x17D2;&#x1796;&#x17BA;</subfield>
  </datafield>
  <datafield tag="260" ind1=" " ind2=" ">
    <subfield code="a">RUA</subfield>
    <subfield code="b">Phnom penh</subfield>
    <subfield code="c">2018</subfield>
  </datafield>
  <datafield tag="300" ind1=" " ind2=" ">
    <subfield code="a">vii;37p</subfield>
    <subfield code="b">29cm</subfield>
  </datafield>
  <datafield tag="942" ind1=" " ind2=" ">
    <subfield code="2">ddc</subfield>
    <subfield code="c">AVM</subfield>
  </datafield>
  <datafield tag="999" ind1=" " ind2=" ">
    <subfield code="c">18647</subfield>
    <subfield code="d">18647</subfield>
  </datafield>
  <datafield tag="952" ind1=" " ind2=" ">
    <subfield code="0">0</subfield>
    <subfield code="1">0</subfield>
    <subfield code="2">ddc</subfield>
    <subfield code="4">0</subfield>
    <subfield code="6">AVM_OEU_2018_000000000000000_B654_OR_1</subfield>
    <subfield code="7">0</subfield>
    <subfield code="9">83036</subfield>
    <subfield code="a">LBB</subfield>
    <subfield code="b">LBB</subfield>
    <subfield code="c">B654</subfield>
    <subfield code="d">2019-12-30</subfield>
    <subfield code="o">AVM OEU 2018 B654 Or.1</subfield>
    <subfield code="p">A063912</subfield>
    <subfield code="r">2019-12-30</subfield>
    <subfield code="w">2019-12-30</subfield>
    <subfield code="y">AVM</subfield>
  </datafield>
  <datafield tag="952" ind1=" " ind2=" ">
    <subfield code="0">0</subfield>
    <subfield code="1">0</subfield>
    <subfield code="2">ddc</subfield>
    <subfield code="4">0</subfield>
    <subfield code="6">AVM_OEU_2018_000000000000000_B654_OR_2</subfield>
    <subfield code="7">0</subfield>
    <subfield code="9">83037</subfield>
    <subfield code="a">LBB</subfield>
    <subfield code="b">LBB</subfield>
    <subfield code="c">B654</subfield>
    <subfield code="d">2019-12-30</subfield>
    <subfield code="o">AVM OEU 2018 B654 Or.2</subfield>
    <subfield code="p">A063122</subfield>
    <subfield code="r">2019-12-30</subfield>
    <subfield code="w">2019-12-30</subfield>
    <subfield code="y">AVM</subfield>
  </datafield>
  <datafield tag="952" ind1=" " ind2=" ">
    <subfield code="0">0</subfield>
    <subfield code="1">0</subfield>
    <subfield code="2">ddc</subfield>
    <subfield code="4">0</subfield>
    <subfield code="6">AVM_OEU_2018_000000000000000_B654_OR_3</subfield>
    <subfield code="7">0</subfield>
    <subfield code="9">83038</subfield>
    <subfield code="a">LBB</subfield>
    <subfield code="b">LBB</subfield>
    <subfield code="c">B654</subfield>
    <subfield code="d">2019-12-30</subfield>
    <subfield code="o">AVM OEU 2018 B654 Or.3</subfield>
    <subfield code="p">A063174</subfield>
    <subfield code="r">2019-12-30</subfield>
    <subfield code="w">2019-12-30</subfield>
    <subfield code="y">AVM</subfield>
  </datafield>
  <datafield tag="952" ind1=" " ind2=" ">
    <subfield code="0">0</subfield>
    <subfield code="1">0</subfield>
    <subfield code="2">ddc</subfield>
    <subfield code="4">0</subfield>
    <subfield code="6">AVM_OEU_2018_000000000000000_B654_OR_4</subfield>
    <subfield code="7">0</subfield>
    <subfield code="9">83039</subfield>
    <subfield code="a">LBB</subfield>
    <subfield code="b">LBB</subfield>
    <subfield code="c">B654</subfield>
    <subfield code="d">2019-12-30</subfield>
    <subfield code="o">AVM OEU 2018 B654 Or.4</subfield>
    <subfield code="p">A063896</subfield>
    <subfield code="r">2019-12-30</subfield>
    <subfield code="w">2019-12-30</subfield>
    <subfield code="y">AVM</subfield>
  </datafield>
  <datafield tag="952" ind1=" " ind2=" ">
    <subfield code="0">0</subfield>
    <subfield code="1">0</subfield>
    <subfield code="2">ddc</subfield>
    <subfield code="4">0</subfield>
    <subfield code="6">AVM_OEU_2018_000000000000000_B654_OR_5</subfield>
    <subfield code="7">0</subfield>
    <subfield code="9">83040</subfield>
    <subfield code="a">LBB</subfield>
    <subfield code="b">LBB</subfield>
    <subfield code="c">B654</subfield>
    <subfield code="d">2019-12-30</subfield>
    <subfield code="o">AVM OEU 2018 B654 Or.5</subfield>
    <subfield code="p">A063904</subfield>
    <subfield code="r">2019-12-30</subfield>
    <subfield code="w">2019-12-30</subfield>
    <subfield code="y">AVM</subfield>
  </datafield>
  <datafield tag="952" ind1=" " ind2=" ">
    <subfield code="0">0</subfield>
    <subfield code="1">0</subfield>
    <subfield code="2">ddc</subfield>
    <subfield code="4">0</subfield>
    <subfield code="6">AVM_OEU_2018_000000000000000_B654_OR_6</subfield>
    <subfield code="7">0</subfield>
    <subfield code="9">83041</subfield>
    <subfield code="a">LBB</subfield>
    <subfield code="b">LBB</subfield>
    <subfield code="c">B654</subfield>
    <subfield code="d">2019-12-30</subfield>
    <subfield code="o">AVM OEU 2018 B654 Or.6</subfield>
    <subfield code="p">A063872</subfield>
    <subfield code="r">2019-12-30</subfield>
    <subfield code="w">2019-12-30</subfield>
    <subfield code="y">AVM</subfield>
  </datafield>
</record>
